000 01021nam a2200277 a 4500
001 000023943
005 20200930022605.0
008 110117s1970 mx r 001 0 spa d
040 _aDO-SdBNP
_bspa
_cBNPHU
041 1 7 _aspa
_heng
_2Código de idiomas MARC
082 _a300.72
_bB637i
100 1 _aBlalock, Hubert M.,
_949259
240 1 0 _aAn introduction to social research.
_lEspañol
245 1 0 _aIntroducción a la investigación social /
_cHubert M. Blalock ; traducción de Leandro Wolfson.
260 _aMéxico :
_bAmorrortu,
_c1970.
300 _a135 p. ;
_c20 cm.
490 1 _aBiblioteca de sociología
500 _aIndice índice
504 _aIncluye referencias bibliográficas y notas al pie de las páginas.
534 _pTítulo original en inglés:
_tAn introduction to social research.
650 4 _aInvestigación social
_914499
650 4 _aSociología
_xInvestigaciones
_92114
700 1 _aWolfson, Leandro,
_etr.
_98683
830 0 _aBiblioteca de sociología
_949260
049 _aBNGR
999 _c23439
_d23439